000 00484nam a2200181Ia 4500
005 20250508162834.0
008 008 250505s9999 xx 000 0 eng d
037 _aTextual
040 _aFEDL
_beng
_cFEDL
041 _aeng
_2eng
084 _a371.76, KEL
_qFEDL
100 _aKelly P J Ed.
_9774157
245 0 _aEducation and health
260 _aOxford
_bPergamon Press
_c1987
300 _axi,295p.
942 _cTEXL
_h371.76, KEL
999 _c1378976
_d1378976